El cuento enigmatico / (Record no. 23174)
[ view plain ]
| 000 -CABECERA | |
|---|---|
| campo de control de longitud fija | 00609nam a2200157 a 4500 |
| 001 - NÚMERO DE CONTROL | |
| campo de control | 000023678 |
| 005 - FECHA Y HORA DE LA ÚLTIMA TRANSACCIÓN | |
| campo de control | 20200930022405.0 |
| 008 - DATOS DE LONGITUD FIJA--INFORMACIÓN GENERAL | |
| campo de control de longitud fija | 101218s1968 mx 000 0 spa d |
| 040 ## - FUENTE DE LA CATALOGACIÓN | |
| Centro catalogador/agencia de origen | DO-SdBNP |
| Lengua de catalogación | spa |
| Centro/agencia transcriptor | BNPHU |
| 082 ## - NÚMERO DE LA CLASIFICACIÓN DECIMAL DEWEY | |
| Número de clasificación | xxxx |
| Número de documento/Ítem | xxxx |
| 245 03 - MENCIÓN DE TÍTULO | |
| Título | El cuento enigmatico / |
| Mención de responsabilidad, etc. | Selección, prólogo y notas Antonio Helú. |
| 260 ## - PUBLICACIÓN, DISTRIBUCIÓN, ETC. | |
| Lugar de publicación, distribución, etc. | México, D. F. : |
| Nombre del editor, distribuidor, etc. | Secretaría de Educación Pública. Subsecretaría de Asuntos Culturales, |
| Fecha de publicación, distribución, etc. | 1968. |
| 300 ## - DESCRIPCIÓN FÍSICA | |
| Extensión | 83 p. ; |
| Dimensiones | 17 cm. |
| 490 1# - MENCIÓN DE SERIE | |
| Mención de serie | Cuadernos de Lectura Popular |
| -- | La honda del espíritu |
| Designación de volumen o secuencia | 124 |
| 830 #0 - PUNTO DE ACCESO ADICIONAL DE SERIE-TÍTULO UNIFORME | |
| Título uniforme | Cuadernos de Lectura Popular |
| Nombre de parte o sección de la obra | La honda del espíritu |
| Designación de volumen o secuencia | 124 |
| 9 (RLIN) | 30181 |
| Estado de retiro | Estado de pérdida | Restricciones de uso | No para préstamo | Código de colección | Localización permanente | Ubicación/localización actual | Ubicación en estantería | Fecha de adquisición | Número de inventario | Total de préstamos | Signatura topográfica completa | Código de barras | Fecha visto por última vez | Precio válido a partir de | Tipo de ítem Koha |
|---|---|---|---|---|---|---|---|---|---|---|---|---|---|---|---|
| Monografías: Libros y Folletos | General | General | En catalogación | 18.12.2010 | LF1 | xxxx xxxx | 23678-10 | 25.06.2020 | 25.06.2020 | Préstamo en sala |
